| 000 | 00744nam a2200229 a 4500 | ||
|---|---|---|---|
| 001 | 13176 | ||
| 003 | BD-JhCC | ||
| 005 | 20230717092628.0 | ||
| 008 | 230717s2020 bg a|||| |||| 000 0 ben d | ||
| 020 | _a9789849411291 | ||
| 035 | _a(BD-JhCC)13176 | ||
| 040 |
_aBD-JhCC _dBD-JhCC |
||
| 041 | _aeng | ||
| 082 |
_a152.148 _bANW 2020 |
||
| 100 | _aআনোয়ার, শেখ | ||
| 245 |
_aবুদ্ধি বাড়ায় ডিজিটাল ধাঁধা / _cআনোয়ার শেখ |
||
| 260 |
_aঢাকা : _bশোভা প্রকাশ, _c২০২০ |
||
| 300 |
_a৯৬ পৃ. : _bচিত্রবলী; _c২১ সেমি. |
||
| 650 | _aOptical illusions | ||
| 650 | _aVision | ||
| 942 |
_2ddc _cBK |
||
| 999 |
_c13176 _d13176 |
||